[Event "RUS-ch Men Blitz 2019"]
[Site "Sochi"]
[Date "2019.10.17"]
[Round "9.9"]
[White "Khismatullin, Denis"]
[Black "Lugovskoy, Maxim"]
[Result "1-0"]
[WhiteElo "2611"]
[BlackElo "2436"]
[Annotator "TA"]
[PlyCount "75"]
[EventDate "2019.10.17"]
[EventType "swiss"]
[EventCountry "RUS"]
[SourceTitle "playchess.com"]
[Source "ChessBase"]
[SourceQuality "1"]

{[%evp 9,75,8,9,8,10,6,10,0,0,2,10,-2,0,3,15,11,15,30,19,16,16,15,21,22,13,16,43,39,60,63,169,171,185,170,170,170,172,165,203,202,201,206,315,306,317,330,324,323,336,314,350,-274,499,185,177,167,348,351,395,372,497,494,472,253,357,331,816,800]} 1. b3 Nf6 2. Bb2 g6 3. Nf3 Bg7 4. d4 b6 (4... O-O 5. Nbd2 c5 6. dxc5 Qa5 7. e3 Qxc5 8. c4 b6 9. Be2 Bb7 10. O-O d6 11. Nd4 Nbd7 12. Bf3 Qc7 13. Nb5 Qb8 14. Nd4 Qc7 15. Nb5 Qb8 16. Nd4 Qc7 {½-½ (16) Wei,Y (2737)-Cheparinov,I (2666) Changsha 2019}) 5. g3 Bb7 6. Bg2 {A48: 1 d4 Nf6 2 Nf3 g6: Torre, London and Colle Systems} O-O 7. O-O d5 8. Nbd2 {The position is equal.} Nbd7 9. c4 c5 10. cxd5 Bxd5 11. Re1 {Black should prevent e4.} cxd4 12. Bxd4 Nc5 $146 ({Predecessor:} 12... e6 13. Rc1 Rc8 14. Rxc8 Qxc8 15. Qa1 {½-½ (25) Gerencer,J (2128)-Vrecic,M Slovenia 2005}) 13. Bxc5 bxc5 14. Rc1 Rc8 15. e4 Bb7 16. e5 Nd5 17. Nc4 Ba8 18. Qe2 Qd7 19. Ng5 $36 {[%mdl 2048] White is more active.} Bh6 (19... Qc7 $14) 20. e6 $18 fxe6 21. Nxe6 Bxc1 22. Nxf8 ({Not} 22. Rxc1 Rf6 $11) 22... Rxf8 23. Rxc1 Qf5 24. Ne5 Qe6 25. Rxc5 Rf5 (25... Nb6 {was necessary.} 26. Bxa8 Rxa8) 26. f4 Rf8 27. Qc4 Rd8 28. h4 Kg7 29. Kh2 Qd6 {intending ...Ne3.} 30. Ra5 $4 {[%mdl 8192]} (30. Rc8 $18) 30... Nf6 $4 {[%mdl 8192]} (30... Ne3 $19 {and all is fine. ( -> ...Qd2!)} 31. Qf7+ Kh8 32. Qe8+ (32. Nc4 $2 Ng4+ 33. Kh3 Bxg2+ 34. Kxg2 Qc6+ 35. Rd5 Nf6 $19 {[%mdl 64] Pin}) 32... Rxe8 33. Nf7+ Kg8 $1 {[%mdl 512]} 34. Nxd6 exd6) 31. Bxa8 $2 (31. Qf7+ Kh8 32. Bxa8 Rxa8 {[#]} 33. Rxa7 $1 {[%mdl 512]}) 31... Rxa8 32. Qe2 h5 $2 (32... a6 {might work better.} 33. a3 Qd4) 33. Ra6 Qd4 34. Qc2 Ne4 35. Rxg6+ Kh7 36. Rc6 (36. Rg5 $142) 36... Rd8 (36... Qe3 $142 37. Qd3 Qxd3 38. Nxd3 Rd8) 37. Nf3 Qe3 $2 {[#]} (37... Qf2+ 38. Qxf2 Nxf2) 38. Ng5+ {Played: Qc2xe4} 1-0

[Event "RUS-ch Men Blitz 2019"]
[Site "Sochi"]
[Date "2019.10.17"]
[Round "9.10"]
[White "Bocharov, Dmitry"]
[Black "Gubsky, Egor"]
[Result "1-0"]
[WhiteElo "2519"]
[BlackElo "2339"]
[Annotator "ChessBase"]
[PlyCount "55"]
[EventDate "2019.10.17"]
[EventType "swiss"]
[EventCountry "RUS"]
[SourceTitle "playchess.com"]
[Source "ChessBase"]
[SourceQuality "1"]
[TimeControl "180+2"]

1. Nf3 {[%emt 0:00:00]} Nf6 {[%emt 0:00:00]} 2. g3 {[%emt 0:00:02]} b6 {[%emt 0:00:01]} 3. Bg2 {[%emt 0:00:02]} Bb7 {[%emt 0:00:01]} 4. O-O {[%emt 0:00:02]} e6 {[%emt 0:00:02]} 5. c4 {[%emt 0:00:05]} Be7 {[%emt 0:00:01]} 6. Nc3 {[%emt 0:00:04]} O-O {[%emt 0:00:03]} 7. Re1 {[%emt 0:00:01]} c5 {[%emt 0:00:05]} 8. e4 {[%emt 0:00:02]} d6 {[%emt 0:00:02]} 9. d4 {[%emt 0:00:02]} cxd4 {[%emt 0:00:03]} 10. Nxd4 {[%emt 0:00:02]} Qc8 {[%emt 0:00:02]} 11. Be3 {[%emt 0:00:10]} a6 {[%emt 0:00:07]} 12. Rc1 {[%emt 0:00:02]} Nbd7 {[%emt 0:00:04]} 13. f4 {[%emt 0:00:01]} Re8 {[%emt 0:00:19]} 14. Bf2 {[%emt 0:00:06]} Bf8 {[%emt 0:00:08]} 15. e5 {[%emt 0:00:21]} Bxg2 {[%emt 0:00:25]} 16. Kxg2 {[%emt 0:00:02]} dxe5 {[%emt 0:00:05]} 17. fxe5 {[%emt 0:00:02]} Qxc4 {[%emt 0:00:48]} 18. exf6 {[%emt 0:00:02]} Nxf6 {[%emt 0:00:01]} 19. Qf3 {[%emt 0:00:01]} Rad8 {[%emt 0:00:10]} 20. Ne4 {[%emt 0:00:23]} Qxa2 {[%emt 0:00:02]} 21. Nc6 {[%emt 0:00:41]} Nxe4 {[%emt 0:00:06]} 22. Nxd8 {[%emt 0:00:23]} Ng5 {[%emt 0:00:06]} 23. Qd3 {[%emt 0:00:04]} Qxb2 {[%emt 0:00:51]} 24. h4 {[%emt 0:00:16]} Nh3 {[%emt 0:00:04]} 25. Kxh3 {[%emt 0:00:04]} Qxf2 {[%emt 0:00:02]} 26. Rf1 {[%emt 0:00:04]} Qb2 {[%emt 0:00:04]} 27. Nxf7 {[%emt 0:00:03]} Be7 {[%emt 0:00:05]} 28. Qd7 {[%emt 0:00:09]} 1-0

[Event "RUS-ch Men Blitz 2019"]
[Site "Sochi"]
[Date "2019.10.17"]
[Round "9.11"]
[White "Sadovsky, Artem"]
[Black "Pridorozhni, Aleksei"]
[Result "0-1"]
[WhiteElo "2411"]
[BlackElo "2599"]
[Annotator "ChessBase"]
[PlyCount "157"]
[EventDate "2019.10.17"]
[EventType "swiss"]
[EventCountry "RUS"]
[SourceTitle "playchess.com"]
[Source "ChessBase"]
[SourceQuality "1"]
[TimeControl "180+2"]

1. c4 {[%emt 0:00:00]} e6 {[%emt 0:00:01]} 2. Nf3 {[%emt 0:00:01]} d5 {[%emt 0:00:01]} 3. g3 {[%emt 0:00:01]} Nf6 {[%emt 0:00:02]} 4. Bg2 {[%emt 0:00:01]} dxc4 {[%emt 0:00:07]} 5. Qa4+ {[%emt 0:00:01]} Bd7 {[%emt 0:00:05]} 6. Qxc4 {[%emt 0:00:01]} Bc6 {[%emt 0:00:01]} 7. O-O {[%emt 0:00:06]} Nbd7 {[%emt 0:00:03]} 8. d3 {[%emt 0:00:09]} Bd6 {[%emt 0:00:05]} 9. b3 {[%emt 0:00:16]} O-O {[%emt 0:00:04]} 10. Qc2 {[%emt 0:00:18]} Ne5 {[%emt 0:00:24]} 11. Nxe5 {[%emt 0:00:14]} Bxe5 {[%emt 0:00:02]} 12. Bb2 {[%emt 0:00:02]} Bxb2 {[%emt 0:00:03]} 13. Qxb2 {[%emt 0:00:01]} Bxg2 {[%emt 0:00:02]} 14. Kxg2 {[%emt 0:00:01]} Re8 {[%emt 0:00:07]} 15. Qe5 {[%emt 0:00:07]} Qd5+ {[%emt 0:00:08]} 16. Qxd5 {[%emt 0:00:01]} exd5 {[%emt 0:00:02]} 17. e3 {[%emt 0:00:05]} a5 {[%emt 0:00:05]} 18. Rc1 {[%emt 0:00:06]} c6 {[%emt 0:00:01]} 19. Nd2 {[%emt 0:00:06]} Red8 {[%emt 0:00:28]} 20. Nf3 {[%emt 0:00:01]} Ne8 {[%emt 0:00:01]} 21. Nd4 {[%emt 0:00:07]} Nc7 {[%emt 0:00:05]} 22. Rc2 {[%emt 0:00:11]} Ne6 {[%emt 0:00:02]} 23. Nxe6 {[%emt 0:00:09]} fxe6 {[%emt 0:00:01]} 24. d4 {[%emt 0:00:06]} Kf7 {[%emt 0:00:01]} 25. Rac1 {[%emt 0:00:05]} Ke7 {[%emt 0:00:08]} 26. a3 {[%emt 0:00:04]} Ra6 {[%emt 0:00:03]} 27. Kf3 {[%emt 0:00:03]} Kd6 {[%emt 0:00:05]} 28. Ke2 {[%emt 0:00:01]} e5 {[%emt 0:00:03]} 29. dxe5+ {[%emt 0:00:04]} Kxe5 {[%emt 0:00:02]} 30. Rc5 {[%emt 0:00:02]} Kd6 {[%emt 0:00:04]} 31. Kd3 {[%emt 0:00:05]} Rb6 {[%emt 0:00:03]} 32. R5c3 {[%emt 0:00:02]} Rc8 {[%emt 0:00:15]} 33. e4 {[%emt 0:00:07]} Rb5 {[%emt 0:00:05]} 34. exd5 {[%emt 0:00:09]} Rxd5+ {[%emt 0:00:02]} 35. Ke2 {[%emt 0:00:00]} Re8+ {[%emt 0:00:05]} 36. Re3 {[%emt 0:00:04]} Rxe3+ {[%emt 0:00:05]} 37. Kxe3 {[%emt 0:00:01]} b5 {[%emt 0:00:04]} 38. f4 {[%emt 0:00:03]} c5 {[%emt 0:00:06]} 39. g4 {[%emt 0:00:02]} Rd4 {[%emt 0:00:05]} 40. h3 {[%emt 0:00:08]} Kd5 {[%emt 0:00:04]} 41. f5 {[%emt 0:00:06]} a4 {[%emt 0:00:04]} 42. bxa4 {[%emt 0:00:21]} Rxa4 {[%emt 0:00:01]} 43. Rd1+ {[%emt 0:00:04]} Ke5 {[%emt 0:00:07]} 44. Rd3 {[%emt 0:00:03]} c4 {[%emt 0:00:02]} 45. Rc3 {[%emt 0:00:04]} Ra6 {[%emt 0:00:03]} 46. h4 {[%emt 0:00:09]} h5 {[%emt 0:00:18]} 47. gxh5 {[%emt 0:00:01]} Kxf5 {[%emt 0:00:03]} 48. Kd4 {[%emt 0:00:02]} Rd6+ {[%emt 0:00:01]} 49. Kc5 {[%emt 0:00:04]} Rd3 {[%emt 0:00:01]} 50. Rc1 {[%emt 0:00:01]} Rb3 {[%emt 0:00:01]} 51. a4 {[%emt 0:00:07]} bxa4 {[%emt 0:00:03]} 52. Kxc4 {[%emt 0:00:01]} Rh3 {[%emt 0:00:05]} 53. Rf1+ {[%emt 0:00:04]} Ke5 {[%emt 0:00:03]} 54. Re1+ {[%emt 0:00:09]} Kf6 {[%emt 0:00:02]} 55. Re4 {[%emt 0:00:06]} a3 {[%emt 0:00:01]} 56. Kd5 {[%emt 0:00:01]} a2 {[%emt 0:00:06]} 57. Ra4 {[%emt 0:00:01]} Rh2 {[%emt 0:00:01]} 58. Rf4+ {[%emt 0:00:04]} Ke7 59. Ra4 Re2 {[%emt 0:00:04]} 60. Ra6 {[%emt 0:00:03]} Kf7 {[%emt 0:00:02]} 61. Kd4 {[%emt 0:00:03]} Kg8 {[%emt 0:00:04]} 62. Kd3 {[%emt 0:00:00]} Rh2 {[%emt 0:00:01]} 63. Ke3 {[%emt 0:00:11]} Kf7 {[%emt 0:00:03]} 64. Kf3 {[%emt 0:00:04]} Ke7 {[%emt 0:00:02]} 65. Kg4 {[%emt 0:00:05]} Rg2+ {[%emt 0:00:02]} 66. Kf3 {[%emt 0:00:02]} Rc2 {[%emt 0:00:03]} 67. Kg4 {[%emt 0:00:02]} Kd7 {[%emt 0:00:05]} 68. Kg5 {[%emt 0:00:02]} Rg2+ {[%emt 0:00:01]} 69. Kf5 {[%emt 0:00:00]} Kc7 {[%emt 0:00:01]} 70. Ra3 {[%emt 0:00:05]} Kc6 {[%emt 0:00:02]} 71. Ra8 {[%emt 0:00:01]} Kc5 {[%emt 0:00:03]} 72. Rc8+ {[%emt 0:00:01]} Kb4 {[%emt 0:00:02]} 73. Rb8+ {[%emt 0:00:02]} Kc3 {[%emt 0:00:01]} 74. Rc8+ {[%emt 0:00:03]} Kb2 {[%emt 0:00:02]} 75. Rb8+ {[%emt 0:00:02]} Kc1 {[%emt 0:00:01]} 76. Ra8 {[%emt 0:00:01]} Kb1 {[%emt 0:00:01]} 77. Rb8+ {[%emt 0:00:03]} Rb2 {[%emt 0:00:02]} 78. Ra8 {[%emt 0:00:01]} Rb6 {[%emt 0:00:03]} 79. Ra7 {[%emt 0:00:08]} 0-1

[Event "RUS-ch Men Blitz 2019"]
[Site "Sochi"]
[Date "2019.10.17"]
[Round "9.12"]
[White "Timofeev, Artyom"]
[Black "Savitskiy, Sergey"]
[Result "1-0"]
[WhiteElo "2595"]
[BlackElo "2407"]
[Annotator "ChessBase"]
[PlyCount "75"]
[EventDate "2019.10.17"]
[EventType "swiss"]
[EventCountry "RUS"]
[SourceTitle "playchess.com"]
[Source "ChessBase"]
[SourceQuality "1"]
[TimeControl "180+2"]

1. c4 {[%emt 0:00:00]} Nf6 {[%emt 0:00:00]} 2. e3 {[%emt 0:00:00]} g6 {[%emt 0:00:00]} 3. Be2 {[%emt 0:00:02]} Bg7 {[%emt 0:00:00]} 4. h4 {[%emt 0:00:01]} h5 {[%emt 0:00:01]} 5. Nc3 {[%emt 0:00:01]} O-O {[%emt 0:00:05]} 6. Nf3 {[%emt 0:00:02]} c6 {[%emt 0:00:04]} 7. b3 {[%emt 0:00:08]} d5 {[%emt 0:00:01]} 8. Bb2 {[%emt 0:00:01]} Bg4 {[%emt 0:00:05]} 9. cxd5 {[%emt 0:00:11]} cxd5 {[%emt 0:00:01]} 10. Ng5 {[%emt 0:00:01]} Bxe2 {[%emt 0:00:07]} 11. Nxe2 {[%emt 0:00:02]} Nc6 {[%emt 0:00:04]} 12. O-O {[%emt 0:00:06]} e5 {[%emt 0:00:10]} 13. Rc1 {[%emt 0:00:01]} Nh7 {[%emt 0:00:13]} 14. Nxh7 {[%emt 0:00:05]} Kxh7 {[%emt 0:00:02]} 15. g3 {[%emt 0:00:01]} Qd7 {[%emt 0:00:18]} 16. Kh2 {[%emt 0:00:04]} Rae8 {[%emt 0:00:09]} 17. Ng1 {[%emt 0:00:26]} Bh6 {[%emt 0:00:03]} 18. Nh3 {[%emt 0:00:04]} f6 {[%emt 0:00:08]} 19. b4 {[%emt 0:00:14]} Nxb4 {[%emt 0:00:51]} 20. Ba3 a5 21. Bxb4 {[%emt 0:00:05]} axb4 {[%emt 0:00:01]} 22. Qb3 {[%emt 0:00:01]} g5 {[%emt 0:00:08]} 23. Qxb4 {[%emt 0:00:02]} g4 {[%emt 0:00:03]} 24. Ng1 {[%emt 0:00:01]} Rf7 {[%emt 0:00:08]} 25. Ne2 {[%emt 0:00:02]} Bf8 {[%emt 0:00:00]} 26. Qb1+ {[%emt 0:00:03]} Kg7 {[%emt 0:00:10]} 27. d4 {[%emt 0:00:02]} Bd6 {[%emt 0:00:11]} 28. Rcd1 {[%emt 0:00:11]} Bb8 {[%emt 0:00:14]} 29. dxe5 {[%emt 0:00:07]} fxe5 {[%emt 0:00:01]} 30. Qb3 {[%emt 0:00:01]} Ref8 {[%emt 0:00:06]} 31. Kg1 {[%emt 0:00:02]} d4 {[%emt 0:00:09]} 32. exd4 {[%emt 0:00:05]} e4 {[%emt 0:00:04]} 33. d5 {[%emt 0:00:11]} Be5 {[%emt 0:00:01]} 34. d6 {[%emt 0:00:01]} Rf3 {[%emt 0:00:05]} 35. Qd5 {[%emt 0:00:01]} Re8 {[%emt 0:00:12]} 36. Nd4 {[%emt 0:00:09]} Rf6 {[%emt 0:00:05]} 37. Qb5 {[%emt 0:00:33]} Rd8 {[%emt 0:00:06]} 38. Qxe5 {[%emt 0:00:05]} 1-0

[Event "RUS-ch Men Blitz 2019"]
[Site "Sochi"]
[Date "2019.10.17"]
[Round "9.13"]
[White "Gutenev, Alexander"]
[Black "Kokarev, Dmitry"]
[Result "1-0"]
[WhiteElo "2469"]
[BlackElo "2593"]
[Annotator "ChessBase"]
[PlyCount "85"]
[EventDate "2019.10.17"]
[EventType "swiss"]
[EventCountry "RUS"]
[SourceTitle "playchess.com"]
[Source "ChessBase"]
[SourceQuality "1"]
[TimeControl "180+2"]

1. e4 {[%emt 0:00:00]} c5 {[%emt 0:00:00]} 2. Nf3 {[%emt 0:00:05]} d6 {[%emt 0:00:00]} 3. d4 {[%emt 0:00:01]} Nf6 {[%emt 0:00:01]} 4. Nc3 {[%emt 0:00:01]} cxd4 {[%emt 0:00:01]} 5. Nxd4 {[%emt 0:00:01]} a6 {[%emt 0:00:01]} 6. h3 {[%emt 0:00:02]} e5 {[%emt 0:00:03]} 7. Nb3 {[%emt 0:00:02]} Be6 {[%emt 0:00:03]} 8. f4 {[%emt 0:00:01]} g6 {[%emt 0:00:09]} 9. Qf3 {[%emt 0:00:14]} Nc6 {[%emt 0:00:13]} 10. Be3 {[%emt 0:00:05]} exf4 {[%emt 0:00:02]} 11. Bxf4 {[%emt 0:00:02]} Ne5 {[%emt 0:00:05]} 12. Qf2 {[%emt 0:00:16]} Nh5 {[%emt 0:00:22]} 13. Bh2 {[%emt 0:00:25]} Bh6 {[%emt 0:00:05]} 14. Be2 {[%emt 0:00:14]} O-O {[%emt 0:00:12]} 15. Bxh5 {[%emt 0:00:10]} gxh5 {[%emt 0:00:01]} 16. O-O {[%emt 0:00:12]} Nc4 {[%emt 0:00:02]} 17. Kh1 {[%emt 0:00:18]} Nxb2 {[%emt 0:00:12]} 18. Nd4 {[%emt 0:00:03]} Nc4 {[%emt 0:00:07]} 19. Nd5 {[%emt 0:00:11]} Kh8 {[%emt 0:00:15]} 20. Nf5 {[%emt 0:00:10]} Bxf5 {[%emt 0:00:17]} 21. exf5 {[%emt 0:00:17]} Re8 {[%emt 0:00:13]} 22. Qd4+ {[%emt 0:00:24]} Ne5 {[%emt 0:00:02]} 23. Rae1 {[%emt 0:00:01]} f6 {[%emt 0:00:02]} 24. Qh4 {[%emt 0:00:04]} Bg7 {[%emt 0:00:13]} 25. Nf4 {[%emt 0:00:04]} Rc8 {[%emt 0:00:06]} 26. Ne6 {[%emt 0:00:11]} Qd7 {[%emt 0:00:04]} 27. Qxh5 {[%emt 0:00:04]} Rxc2 {[%emt 0:00:04]} 28. Rf4 {[%emt 0:00:04]} Qf7 {[%emt 0:00:05]} 29. Qd1 {[%emt 0:00:03]} Rec8 {[%emt 0:00:08]} 30. Rh4 {[%emt 0:00:03]} b5 {[%emt 0:00:22]} 31. Qxd6 {[%emt 0:00:01]} Rc1 {[%emt 0:00:01]} 32. Rhe4 {[%emt 0:00:01]} Rxe1+ {[%emt 0:00:04]} 33. Rxe1 {[%emt 0:00:01]} Kg8 {[%emt 0:00:02]} 34. Qxa6 {[%emt 0:00:02]} Qd7 {[%emt 0:00:04]} 35. Bxe5 {[%emt 0:00:07]} fxe5 {[%emt 0:00:01]} 36. Nxg7 {[%emt 0:00:02]} Kxg7 {[%emt 0:00:01]} 37. Re3 {[%emt 0:00:04]} Qxf5 {[%emt 0:00:06]} 38. Qb7+ {[%emt 0:00:03]} Kh8 {[%emt 0:00:03]} 39. Rf3 {[%emt 0:00:01]} Qe6 {[%emt 0:00:02]} 40. Rf7 {[%emt 0:00:02]} Rc1+ 41. Kh2 Kg8 {[%emt 0:00:15]} 42. Rg7+ {[%emt 0:00:04]} Kf8 {[%emt 0:00:01]} 43. Rxh7 {[%emt 0:00:01]} 1-0

[Event "RUS-ch Men Blitz 2019"]
[Site "Sochi"]
[Date "2019.10.17"]
[Round "9.14"]
[White "Bryakin, Mikhail"]
[Black "Savchenko, Boris"]
[Result "0-1"]
[WhiteElo "2440"]
[BlackElo "2581"]
[Annotator "ChessBase"]
[PlyCount "128"]
[EventDate "2019.10.17"]
[EventType "swiss"]
[EventCountry "RUS"]
[SourceTitle "playchess.com"]
[Source "ChessBase"]
[SourceQuality "1"]
[TimeControl "180+2"]

1. d4 {[%emt 0:00:00]} d6 {[%emt 0:00:00]} 2. Nf3 {[%emt 0:00:01]} Nd7 {[%emt 0:00:02]} 3. c4 {[%emt 0:00:04]} e5 {[%emt 0:00:02]} 4. Nc3 {[%emt 0:00:01]} Ngf6 {[%emt 0:00:01]} 5. d5 {[%emt 0:00:06]} g6 {[%emt 0:00:06]} 6. e4 {[%emt 0:00:01]} Nc5 {[%emt 0:00:01]} 7. Bd3 {[%emt 0:00:09]} Nxd3+ {[%emt 0:00:05]} 8. Qxd3 {[%emt 0:00:01]} c6 {[%emt 0:00:01]} 9. h3 {[%emt 0:00:03]} a6 {[%emt 0:00:07]} 10. O-O {[%emt 0:00:03]} cxd5 {[%emt 0:00:02]} 11. cxd5 {[%emt 0:00:02]} b5 {[%emt 0:00:04]} 12. b4 {[%emt 0:00:01]} Bd7 {[%emt 0:00:05]} 13. Be3 {[%emt 0:00:03]} Be7 {[%emt 0:00:08]} 14. Rfc1 {[%emt 0:00:03]} O-O {[%emt 0:00:02]} 15. a4 {[%emt 0:00:05]} bxa4 {[%emt 0:00:02]} 16. Nxa4 {[%emt 0:00:06]} Bb5 {[%emt 0:00:05]} 17. Qb1 {[%emt 0:00:03]} Qb8 {[%emt 0:00:09]} 18. Nb6 {[%emt 0:00:09]} Ra7 {[%emt 0:00:01]} 19. Nc8 {[%emt 0:00:05]} Rb7 {[%emt 0:00:04]} 20. Nxe7+ {[%emt 0:00:07]} Rxe7 {[%emt 0:00:01]} 21. Bg5 {[%emt 0:00:35]} Kg7 {[%emt 0:00:01]} 22. Qc2 {[%emt 0:00:15]} h6 {[%emt 0:00:03]} 23. Bxf6+ {[%emt 0:00:09]} Kxf6 {[%emt 0:00:01]} 24. Nd2 {[%emt 0:00:11]} Ree8 {[%emt 0:00:42]} 25. Nb3 {[%emt 0:00:02]} Rc8 {[%emt 0:00:02]} 26. Qd2 {[%emt 0:00:01]} Kg7 {[%emt 0:00:11]} 27. Na5 {[%emt 0:00:01]} Qb6 {[%emt 0:00:11]} 28. Nb3 {[%emt 0:00:22]} Rxc1+ {[%emt 0:00:10]} 29. Rxc1 {[%emt 0:00:01]} f5 {[%emt 0:00:01]} 30. exf5 {[%emt 0:00:04]} gxf5 {[%emt 0:00:03]} 31. Rc3 {[%emt 0:00:04]} f4 {[%emt 0:00:01]} 32. Qc2 {[%emt 0:00:09]} Rf7 {[%emt 0:00:05]} 33. Qe4 {[%emt 0:00:14]} Bd7 {[%emt 0:00:07]} 34. Qc4 {[%emt 0:00:07]} Kf6 {[%emt 0:00:14]} 35. Nd2 {[%emt 0:00:02]} Bf5 {[%emt 0:00:15]} 36. Ne4+ {[%emt 0:00:24]} Kg7 {[%emt 0:00:05]} 37. Nd2 {[%emt 0:00:04]} Rb7 {[%emt 0:00:03]} 38. Qc6 {[%emt 0:00:10]} Kf6 {[%emt 0:00:37]} 39. Nc4 {[%emt 0:00:06]} Qxb4 {[%emt 0:00:08]} 40. Nxd6 {[%emt 0:00:02]} Rb6 {[%emt 0:00:04]} 41. Ne8+ {[%emt 0:00:02]} Ke7 {[%emt 0:00:02]} 42. Qc7+ {[%emt 0:00:03]} Bd7 {[%emt 0:00:05]} 43. d6+ {[%emt 0:00:01]} Kxe8 {[%emt 0:00:02]} 44. Rc5 {[%emt 0:00:01]} Qb1+ {[%emt 0:00:02]} 45. Kh2 {[%emt 0:00:01]} Qb2 {[%emt 0:00:01]} 46. Qa7 {[%emt 0:00:04]} Rb8 {[%emt 0:00:01]} 47. Rc7 {[%emt 0:00:01]} Rd8 {[%emt 0:00:01]} 48. Qc5 {[%emt 0:00:02]} Qd4 {[%emt 0:00:01]} 49. Qc2 {[%emt 0:00:02]} e4 {[%emt 0:00:03]} 50. Qa2 {[%emt 0:00:01]} Kf8 {[%emt 0:00:01]} 51. Qa5 {[%emt 0:00:03]} Qxd6 {[%emt 0:00:02]} 52. Rc5 {[%emt 0:00:02]} Be6 {[%emt 0:00:02]} 53. Rh5 {[%emt 0:00:02]} f3+ 54. g3 Bf7 {[%emt 0:00:04]} 55. Rf5 {[%emt 0:00:02]} Re8 {[%emt 0:00:01]} 56. Qc3 {[%emt 0:00:03]} Kg8 {[%emt 0:00:02]} 57. Rf4 {[%emt 0:00:01]} Qe5 {[%emt 0:00:02]} 58. Rg4+ {[%emt 0:00:00]} Kh7 {[%emt 0:00:02]} 59. Qc6 {[%emt 0:00:01]} Re7 {[%emt 0:00:02]} 60. Rf4 {[%emt 0:00:07]} Bg6 {[%emt 0:00:02]} 61. Rf6 {[%emt 0:00:01]} Rg7 {[%emt 0:00:02]} 62. Rf8 {[%emt 0:00:03]} Qd4 {[%emt 0:00:01]} 63. Kg1 {[%emt 0:00:02]} Qd1+ {[%emt 0:00:02]} 64. Kh2 {[%emt 0:00:00]} Qf1 {[%emt 0:00:01]} 0-1

[Event "RUS-ch Men Blitz 2019"]
[Site "Sochi"]
[Date "2019.10.17"]
[Round "9.15"]
[White "Yuffa, Daniil"]
[Black "Ulybin, Mikhail"]
[Result "1-0"]
[WhiteElo "2577"]
[BlackElo "2455"]
[Annotator "ChessBase"]
[PlyCount "57"]
[EventDate "2019.10.17"]
[EventType "swiss"]
[EventCountry "RUS"]
[SourceTitle "playchess.com"]
[Source "ChessBase"]
[SourceQuality "1"]
[TimeControl "180+2"]

1. d4 {[%emt 0:00:00]} e6 {[%emt 0:00:01]} 2. c4 {[%emt 0:00:00]} f5 {[%emt 0:00:03]} 3. g3 {[%emt 0:00:01]} Nf6 {[%emt 0:00:03]} 4. Bg2 {[%emt 0:00:01]} d5 {[%emt 0:00:03]} 5. Nf3 {[%emt 0:00:01]} Bd6 {[%emt 0:00:03]} 6. O-O {[%emt 0:00:02]} c6 {[%emt 0:00:03]} 7. Qc2 {[%emt 0:00:01]} O-O {[%emt 0:00:06]} 8. Nc3 {[%emt 0:00:02]} Qe7 {[%emt 0:00:11]} 9. Rb1 {[%emt 0:00:02]} b6 {[%emt 0:00:29]} 10. Ne5 {[%emt 0:00:39]} Bb7 {[%emt 0:00:20]} 11. cxd5 {[%emt 0:00:11]} exd5 {[%emt 0:00:24]} 12. Qxf5 {[%emt 0:00:18]} Nfd7 {[%emt 0:00:15]} 13. Qc2 {[%emt 0:00:27]} Nxe5 {[%emt 0:00:08]} 14. dxe5 {[%emt 0:00:01]} Bxe5 {[%emt 0:00:03]} 15. e4 {[%emt 0:00:02]} d4 {[%emt 0:00:17]} 16. f4 {[%emt 0:00:31]} dxc3 {[%emt 0:00:37]} 17. fxe5 {[%emt 0:00:07]} Qc5+ {[%emt 0:00:07]} 18. Kh1 {[%emt 0:00:05]} Rxf1+ {[%emt 0:00:04]} 19. Bxf1 {[%emt 0:00:01]} Qxe5 {[%emt 0:00:08]} 20. Bf4 {[%emt 0:00:07]} Qf6 {[%emt 0:00:03]} 21. Bc4+ {[%emt 0:00:06]} Kh8 {[%emt 0:00:02]} 22. Qxc3 {[%emt 0:00:07]} Qxc3 {[%emt 0:00:04]} 23. bxc3 {[%emt 0:00:02]} Nd7 {[%emt 0:00:02]} 24. e5 {[%emt 0:00:06]} Re8 {[%emt 0:00:05]} 25. Rd1 {[%emt 0:00:07]} Nf8 {[%emt 0:00:05]} 26. Bf7 {[%emt 0:00:17]} Re7 {[%emt 0:00:03]} 27. e6 {[%emt 0:00:01]} c5+ {[%emt 0:00:01]} 28. Kg1 {[%emt 0:00:01]} h6 {[%emt 0:00:02]} 29. Rd8 {[%emt 0:00:02]} 1-0

[Event "RUS-ch Men Blitz 2019"]
[Site "Sochi"]
[Date "2019.10.17"]
[Round "9.16"]
[White "Oganian, Miran"]
[Black "Popov, Valerij"]
[Result "1-0"]
[WhiteElo "2436"]
[BlackElo "2535"]
[Annotator "ChessBase"]
[PlyCount "100"]
[EventDate "2019.10.17"]
[EventType "swiss"]
[EventCountry "RUS"]
[SourceTitle "playchess.com"]
[Source "ChessBase"]
[SourceQuality "1"]
[TimeControl "180+2"]

1. d4 {[%emt 0:00:00]} d5 {[%emt 0:00:00]} 2. c4 {[%emt 0:00:00]} e6 {[%emt 0:00:00]} 3. Nf3 {[%emt 0:00:01]} Nf6 {[%emt 0:00:01]} 4. g3 {[%emt 0:00:01]} dxc4 {[%emt 0:00:01]} 5. Bg2 {[%emt 0:00:01]} a6 {[%emt 0:00:01]} 6. Ne5 {[%emt 0:00:03]} Bb4+ {[%emt 0:00:01]} 7. Bd2 {[%emt 0:00:25]} Qxd4 {[%emt 0:00:02]} 8. Bxb4 {[%emt 0:00:03]} Qxe5 {[%emt 0:00:01]} 9. Na3 {[%emt 0:00:29]} Nc6 {[%emt 0:00:36]} 10. Bc3 {[%emt 0:00:16]} Qc5 {[%emt 0:00:08]} 11. Qa4 {[%emt 0:00:19]} Bd7 {[%emt 0:00:18]} 12. Qxc4 {[%emt 0:00:05]} Qxc4 {[%emt 0:00:02]} 13. Nxc4 {[%emt 0:00:01]} O-O-O {[%emt 0:00:20]} 14. Rc1 {[%emt 0:00:09]} Rhg8 {[%emt 0:00:19]} 15. O-O {[%emt 0:00:07]} Nd5 {[%emt 0:00:03]} 16. Bd2 {[%emt 0:00:05]} Nd4 {[%emt 0:00:19]} 17. Rfe1 {[%emt 0:00:19]} Bb5 {[%emt 0:00:01]} 18. e4 {[%emt 0:00:30]} Ne7 {[%emt 0:00:09]} 19. Bf4 {[%emt 0:00:09]} Nec6 {[%emt 0:00:03]} 20. b3 {[%emt 0:00:12]} f6 {[%emt 0:00:22]} 21. Kh1 {[%emt 0:00:13]} e5 {[%emt 0:00:04]} 22. Be3 {[%emt 0:00:01]} Nb4 {[%emt 0:00:02]} 23. a4 {[%emt 0:00:09]} Bc6 {[%emt 0:00:08]} 24. Rb1 {[%emt 0:00:03]} Kb8 {[%emt 0:00:04]} 25. h3 {[%emt 0:00:02]} Rd7 {[%emt 0:00:10]} 26. Kh2 {[%emt 0:00:02]} Rgd8 {[%emt 0:00:01]} 27. Na5 {[%emt 0:00:03]} b6 {[%emt 0:00:07]} 28. Nxc6+ {[%emt 0:00:03]} Ndxc6 {[%emt 0:00:01]} 29. Rec1 {[%emt 0:00:02]} Nd4 {[%emt 0:00:04]} 30. Bf1 {[%emt 0:00:02]} Kb7 {[%emt 0:00:01]} 31. Bc4 {[%emt 0:00:02]} c6 {[%emt 0:00:04]} 32. Kg2 {[%emt 0:00:01]} b5 {[%emt 0:00:01]} 33. Bf1 {[%emt 0:00:02]} Nbc2 {[%emt 0:00:05]} 34. Bd2 {[%emt 0:00:04]} Nxb3 {[%emt 0:00:06]} 35. Rxb3 {[%emt 0:00:03]} Rxd2 {[%emt 0:00:01]} 36. axb5 {[%emt 0:00:01]} axb5 {[%emt 0:00:06]} 37. Rc3 {[%emt 0:00:01]} Nd4 {[%emt 0:00:01]} 38. Ra1 {[%emt 0:00:02]} Ra8 {[%emt 0:00:02]} 39. Rxa8 {[%emt 0:00:03]} Kxa8 {[%emt 0:00:01]} 40. Ra3+ {[%emt 0:00:03]} Kb7 {[%emt 0:00:00]} 41. g4 {[%emt 0:00:01]} g5 {[%emt 0:00:03]} 42. h4 {[%emt 0:00:01]} h6 {[%emt 0:00:00]} 43. h5 {[%emt 0:00:00]} c5 {[%emt 0:00:03]} 44. Ra5 {[%emt 0:00:03]} c4 {[%emt 0:00:01]} 45. Ra3 {[%emt 0:00:03]} Rb2 {[%emt 0:00:01]} 46. Kg1 {[%emt 0:00:03]} b4 {[%emt 0:00:00]} 47. Ra5 {[%emt 0:00:02]} c3 {[%emt 0:00:01]} 48. Bd3 {[%emt 0:00:02]} c2 {[%emt 0:00:01]} 49. Bxc2 {[%emt 0:00:01]} Rxc2 {[%emt 0:00:02]} 50. Rd5 {[%emt 0:00:02]} b3 {[%emt 0:00:01]} 1-0